| 000 | 00948nam a2200253Ia 4500 | ||
|---|---|---|---|
| 008 | 130821s2011 xxu gr spa | ||
| 020 | _a978 84 92956 36 4 | ||
| 040 |
_aCo-BoUCM _bspa |
||
| 041 | 0 | 0 | _aspa |
| 100 | 1 |
_aSellers, Bob _9145153 |
|
| 245 | 1 | 3 |
_aLa otra mirada de los negocios en busca de nuevos y exitosos caminos _cBob Sellers, Daniel Gross, Richard Phalon |
| 260 |
_aTrenton (Nueva Jersey, Estados Unidos) _bProfit Editorial; Luppa Solutions _c2011 |
||
| 300 | _a110 páginas | ||
| 490 | 0 |
_aForbes. _aColección Grandes Lecciones de Negocios |
|
| 500 | _aIncluye índice. | ||
| 650 |
_aAdministración de empresas _9435 |
||
| 650 |
_aCambio organizacional _97360 |
||
| 650 |
_aHabilidad ejecutiva _916655 |
||
| 650 |
_aTécnicas administrativas _925108 |
||
| 700 | 1 |
_aGross, Daniel _9145157 |
|
| 700 | 1 |
_aPhalon, Richard _9145154 |
|
| 942 |
_cLIBRO _a16 _e1 _mS467o _2DEWEY _h658.4063 |
||
| 999 |
_c77570 _d77570 |
||